000 00939nam a2200181 4500
005 20260312150627.0
010 _aBACHN26
020 _a9789355629524
_c500.00
037 _bप्रभात प्रकाशन
082 _a080.954
100 _aमोहांती,विजयलक्ष्मी
_988398
245 _aराष्ट्रपति द्रौपदी मुर्म बदलते भारत का प्रतिबिंब/
_cविजयलक्ष्मी मोहांतीः नीलेश द्विवेदी द्वारा संपादित
250 _a1
260 _aनई दिल्ली
_bप्रभात प्रकाशन
_c2025
270 _a4/19, आसफ अली रोड़,
_bनई दिल्ली
_e110002
300 _a257पृ.
_b23सेमी(अजिल्द)
942 _2ddc
_cHN
_h080.954
_mमोहांती
999 _c215201
_d215201